000 00584nam a2200193Ia 4500
005 20250326142846.0
008 250326s9999 xx 000 0 und d
020 _a81-7094-259-4
037 _aTextbook
040 _aFMSL
_beng
_cFMSL
041 _aeng
_2eng
084 _aX651 P2
_qFMSL
100 _aBeckman R C
_9746751
245 0 _aElliott wave explained: real-world guide to predicting & profiting form market turns
_cBeckman R C
260 _aNew Delhi
_bNew Delhi, Vision Books
_c2000
300 _a291p
942 _cTB
_hX651 P2
999 _c1296975
_d1296975